书目信息 |
| 题名: |
顺治皇帝
|
|
| 作者: | 杨立平 著 | |
| 分册: | ||
| 出版信息: | 北京 中国社会出版社 2005 |
|
| 页数: | 547页 | |
| 开本: | 24cm | |
| 丛书名: | ||
| 单 册: | ||
| 中图分类: | K827=49 , I247.53 | |
| 科图分类: | ||
| 主题词: | 传记小说--zhuan ji xiao shuo--中国--现代 , 传记小说--zhuan ji xiao shuo | |
| 电子资源: | ||
| ISBN: | 7-80146-224-6 | |
| 000 | 00769nam0 2200265 450 | |
| 001 | CAL 012006006278 | |
| 005 | 20061026151155.57 | |
| 010 | @a7-80146-224-6@dCNY46.80 | |
| 100 | @a20060909d2005 em y0chiy0110 ea | |
| 101 | 0 | @achi |
| 102 | @aCN@b110000 | |
| 105 | @ay z 000ad | |
| 200 | 1 | @a顺治皇帝@Ashun zhi huang di@f杨立平著 |
| 205 | @a2版 | |
| 210 | @a北京@c中国社会出版社@d2005 | |
| 215 | @a547页@d24cm | |
| 600 | 0 | @a顺治帝,@Ashun zhi di@f1638-1661@x生平事迹 |
| 600 | 0 | @a顺治帝,@Ashun zhi di@f1638-1661 |
| 606 | 0 | @a传记小说@Azhuan ji xiao shuo@y中国@z现代 |
| 606 | 0 | @a传记小说@Azhuan ji xiao shuo |
| 690 | @aK827=49@v4 | |
| 690 | @aI247.53@v4 | |
| 701 | 0 | @a杨立平@Ayang li ping@4著 |
| 801 | 0 | @aCN@c20061026 |
| 905 | @a10447@dI247.53@eY220 | |
| 顺治皇帝/杨立平著.-2版.-北京:中国社会出版社,2005 |
| 547页;24cm |
| ISBN 7-80146-224-6:CNY46.80 |
| ● |
| 相关链接 |
|
|
|
正题名:顺治皇帝
索取号:I247.53/Y220
 
预约/预借
| 序号 | 登录号 | 条形码 | 馆藏地/架位号 | 状态 | 备注 |
| 1 | 631006 | 206310062 | 社科二线422/422社科库 4排2列6层/ [索取号:I247.53/Y220] | 在馆 | |
| 2 | 631007 | 206310071 | 文学库108/400B社科库 22排3列3层/ [索取号:I247.53/Y220] | 在馆 | |
| 3 | 631008 | 206310080 | 文学库108/ [索取号:I247.53/Y220] | 在馆 |